[Event "Reykjavik Open 2015"]
[Site "Reykjavik, "]
[Date "2015.03.16"]
[Round "8.28"]
[White "Bekker-Jensen, Simon"]
[Black "Cummings, David H"]
[Result "1/2-1/2"]
[WhiteElo "2462"]
[BlackElo "2345"]
[PlyCount "125"]
[EventDate "2015.03.10"]

1. d4 d5 2. c4 e6 3. Nc3 Nf6 4. cxd5 exd5 5. Bg5 c6 6. Qc2 Be7 7. e3 Nbd7 8.
Bd3 h6 9. Bh4 Nh5 10. Bxe7 Qxe7 11. Nge2 Nb6 12. O-O-O Be6 13. Kb1 Nf6 14. h3
O-O-O 15. g4 Kb8 16. Ng3 h5 17. g5 Ne8 18. g6 h4 19. Nge2 Nd6 20. Nf4 Qf6 21.
Rdg1 Bf5 22. Bxf5 Nxf5 23. Rg4 Nc4 24. Ne4 Na3+ 25. bxa3 dxe4 26. Qxe4 Nxd4 27.
exd4 Rhe8 28. Qc2 Rxd4 29. Nh5 Qf3 30. Rxd4 Qxh1+ 31. Rd1 Re1 32. Kc1 fxg6 33.
Nxg7 Qf1 34. Rxe1 Qxe1+ 35. Qd1 Qe7 36. Qd3 Qe1+ 37. Qd1 Qe7 38. Qd2 a6 39. Qc3
Ka8 40. Kd2 Qf7 41. Ke1 Qe7+ 42. Kf1 c5 43. a4 c4 44. a5 Qd7 45. Ke2 Qe7+ 46.
Kd1 Qd7+ 47. Kc1 Qf7 48. Qd4 Qe7 49. Kd2 Qb4+ 50. Qc3 Qe7 51. f4 Qe4 52. Qe3
c3+ 53. Qxc3 Qxf4+ 54. Kd3 Qf3+ 55. Kc4 Qf7+ 56. Kd3 Qd7+ 57. Ke2 g5 58. Kf2 g4
59. hxg4 Qxg4 60. Qe5 h3 61. Qe8+ Ka7 62. Qe3+ Ka8 63. Qe8+ 1/2-1/2

[Event "Reykjavik Open 2015"]
[Site "Reykjavik, "]
[Date "2015.03.16"]
[Round "8.29"]
[White "Morshedi, Ali"]
[Black "Hagen, Andreas Skytte"]
[Result "1-0"]
[WhiteElo "2221"]
[BlackElo "2412"]
[PlyCount "59"]
[EventDate "2015.03.10"]

1. e4 e5 2. f4 exf4 3. Nf3 g5 4. d4 Bg7 5. Nc3 d6 6. g3 g4 7. Nh4 f3 8. Be3 Nf6
9. Qd2 d5 10. exd5 Nxd5 11. Bg5 f6 12. Bh6 Nxc3 13. bxc3 Bxh6 14. Qxh6 Qd5 15.
Qg7 Rf8 16. Kf2 Qf7 17. Re1+ Kd8 18. Qh6 Rh8 19. Bc4 Qf8 20. Qh5 Nc6 21. Be6
Ne7 22. Qxg4 Qf7 23. d5 Ng6 24. Nf5 Qf8 25. Qd4 Ne5 26. Rxe5 fxe5 27. Qh4+ Ke8
28. Qh5+ Kd8 29. Qg5+ Ke8 30. Ng7+ 1-0

[Event "Reykjavik Open 2015"]
[Site "Reykjavik, "]
[Date "2015.03.16"]
[Round "8.30"]
[White "Maisuradze, Nino"]
[Black "Petrov, Nikita"]
[Result "0-1"]
[WhiteElo "2302"]
[BlackElo "2435"]
[PlyCount "96"]
[EventDate "2015.03.10"]

1. d4 Nf6 2. Nf3 d5 3. c4 c6 4. cxd5 cxd5 5. Nc3 Nc6 6. Bf4 Bf5 7. e3 e6 8. Qb3
Bb4 9. Bb5 Bxc3+ 10. bxc3 O-O 11. O-O Nh5 12. Bg3 Nxg3 13. hxg3 Qd6 14. c4 Na5
15. Qa4 a6 16. Qxa5 axb5 17. Qxb5 Bd3 18. Rfc1 Bxc4 19. Qb2 b5 20. Nd2 Ra4 21.
Nb3 Qb4 22. Rcb1 Rfa8 23. Nc1 Qe1+ 24. Kh2 Ra3 25. Nd3 Qc3 26. Qxc3 Rxc3 27.
Ne5 Rca3 28. Nxc4 bxc4 29. Rb2 Kf8 30. Kg1 Ke7 31. Kf1 Kd6 32. Ke1 Kc6 33. Kd1
R8a6 34. Rc2 f6 35. Ke2 Rb6 36. Rac1 Rb4 37. Rd1 Rba4 38. Rdd2 e5 39. Ke1 e4
40. Kd1 c3 41. Rc1 Kb5 42. Rdc2 Kc4 43. Ra1 Kd3 44. Re2 f5 45. Rc2 Ra7 46. Re2
g5 47. Rc2 h5 48. Re2 Rb7 0-1

[Event "Reykjavik Open 2015"]
[Site "Reykjavik, "]
[Date "2015.03.16"]
[Round "8.31"]
[White "Sequera Paolini, Jose Rafael"]
[Black "Mihajlov, Sebastian"]
[Result "1-0"]
[WhiteElo "2408"]
[BlackElo "2308"]
[PlyCount "105"]
[EventDate "2015.03.10"]

1. d4 d5 2. Bf4 Nf6 3. Nf3 Bf5 4. e3 c6 5. c4 e6 6. Nc3 Nbd7 7. Qb3 Qb6 8. c5
Qxb3 9. axb3 Nh5 10. Be5 Nhf6 11. b4 Nxe5 12. Nxe5 Nd7 13. Nd3 Be7 14. b5 Bxd3
15. Bxd3 e5 16. bxc6 bxc6 17. Kd2 exd4 18. exd4 Bf6 19. Ra4 O-O 20. Rha1 Rfb8
21. Kc2 Nf8 22. Ne2 Ne6 23. R1a2 Re8 24. f4 g6 25. g4 Re7 26. b3 h6 27. Ra6
Nxd4+ 28. Nxd4 Bxd4 29. Rxc6 Rb8 30. Ra4 Bg1 31. b4 Bxh2 32. f5 Rbb7 33. fxg6
fxg6 34. Rxg6+ Rg7 35. Rxh6 Bf4 36. Rg6 Rxg6 37. Bxg6 Kg7 38. Be8 Kf6 39. c6
Rb8 40. Bd7 Ke7 41. Kd3 Kd6 42. b5 Bg5 43. Rb4 Rb6 44. Bc8 Kc5 45. Ba6 Kd6 46.
Bb7 Bd8 47. Rb2 Bg5 48. Rc2 Bd8 49. Ba6 Rb8 50. Rh2 Be7 51. Rh6+ Kc7 52. Rh7
Re8 53. g5 1-0

[Event "Reykjavik Open 2015"]
[Site "Reykjavik, "]
[Date "2015.03.16"]
[Round "8.32"]
[White "Soors, Stef"]
[Black "Wahedi, Ahmad Siar"]
[Result "1-0"]
[WhiteElo "2408"]
[BlackElo "2287"]
[PlyCount "61"]
[EventDate "2015.03.10"]

1. e4 e6 2. d4 d5 3. Nd2 Be7 4. e5 Nh6 5. Ndf3 c5 6. c3 cxd4 7. cxd4 Nf5 8. Bd3
Nc6 9. Ne2 Qb6 10. O-O h6 11. Bd2 g5 12. Bc3 Bd7 13. a4 a5 14. Bb5 h5 15. Ne1
O-O-O 16. Bxc6 Bxc6 17. Qd2 Bb4 18. Bxb4 axb4 19. b3 f6 20. exf6 Rhf8 21. Nc2
Rxf6 22. Nxb4 Be8 23. a5 Qd6 24. a6 b6 25. Rfc1+ Kb8 26. a7+ Ka8 27. Qc2 Bd7
28. Na6 Kb7 29. a8=Q+ Kxa8 30. Nc7+ Kb7 31. Ra7+ 1-0

[Event "Reykjavik Open 2015"]
[Site "Reykjavik, "]
[Date "2015.03.16"]
[Round "8.33"]
[White "Edvardsson, Kristjan"]
[Black "Tania, Sachdev"]
[Result "0-1"]
[WhiteElo "2176"]
[BlackElo "2404"]
[PlyCount "108"]
[EventDate "2015.03.10"]

1. Nf3 Nf6 2. c4 e6 3. Nc3 c5 4. g3 b6 5. Bg2 Bb7 6. O-O Be7 7. d4 cxd4 8. Qxd4
Nc6 9. Qd2 O-O 10. b3 a6 11. Rd1 Qc7 12. Bb2 Rac8 13. Rac1 Qb8 14. e4 d6 15.
Qe2 Rfe8 16. h3 Ba8 17. a4 Nd7 18. Qc2 Nde5 19. Ne1 Na7 20. Qe2 Bc6 21. f4 Nd7
22. e5 Nc5 23. b4 Nxa4 24. Nxa4 Bxa4 25. Rxd6 Bxd6 26. exd6 Qxd6 27. Qg4 Qf8
28. Ra1 b5 29. c5 Nc6 30. Nd3 f6 31. Re1 Bb3 32. Bc3 Qf7 33. Ra1 Red8 34. Nf2
Bd5 35. Bxd5 exd5 36. Rxa6 d4 37. Bd2 Qd5 38. Qe2 d3 39. Qe4 Nd4 40. Qxd5+ Rxd5
41. Ne4 Nf3+ 42. Kf2 Nxd2 43. Nxd2 Re8 44. Kf3 Rd4 45. c6 Rd6 46. Rb6 Rc8 47.
Ke3 Rcxc6 48. Rxb5 Rc8 49. Ra5 Re8+ 50. Kf3 Re2 51. Ra2 Rb6 52. Rb2 f5 53. b5
Rbe6 54. Nc4 Rxb2 0-1

[Event "Reykjavik Open 2015"]
[Site "Reykjavik, "]
[Date "2015.03.16"]
[Round "8.34"]
[White "Stray, Gunnar"]
[Black "Foisor, Cristina-Adela"]
[Result "0-1"]
[WhiteElo "2065"]
[BlackElo "2394"]
[PlyCount "92"]
[EventDate "2015.03.10"]

1. Nf3 c5 2. g3 g6 3. Bg2 Bg7 4. O-O Nc6 5. d3 e5 6. e4 Nge7 7. c4 d6 8. h3 a6
9. Nc3 Rb8 10. Nd5 b5 11. b3 h6 12. Bd2 O-O 13. Rc1 Kh7 14. Ne1 bxc4 15. bxc4
Nd4 16. Nc2 Nec6 17. Bc3 h5 18. Nce3 Bd7 19. Kh2 h4 20. Bf3 Bh6 21. Ra1 Bg5 22.
Ng2 Kg7 23. g4 f6 24. Be2 Ne6 25. f4 exf4 26. Ndxf4 Ne5 27. Nd5 Bc6 28. Qe1
Bxd5 29. exd5 Nd4 30. Bxd4 cxd4 31. Rb1 Qe7 32. Qf2 Nd7 33. Bf3 Qe5+ 34. Kh1
Nc5 35. Rbd1 Rf7 36. Rfe1 Qg3 37. Qxg3 hxg3 38. h4 Bh6 39. Re2 Rfb7 40. Be4 Rb1
41. Ree1 Rxd1 42. Rxd1 Rb2 43. h5 gxh5 44. Bf5 h4 45. Nxh4 Rh2+ 46. Kg1 Be3+
0-1

[Event "Reykjavik Open 2015"]
[Site "Reykjavik, "]
[Date "2015.03.16"]
[Round "8.35"]
[White "Sigeman, John"]
[Black "Thorfinnsson, Bjorn"]
[Result "0-1"]
[WhiteElo "2123"]
[BlackElo "2123"]
[PlyCount "68"]
[EventDate "2015.03.10"]

1. d4 Nf6 2. Nf3 e6 3. g3 c5 4. Bg2 cxd4 5. Nxd4 d5 6. O-O e5 7. Nb3 Nc6 8. Bg5
Be6 9. Nc3 d4 10. Ne4 Be7 11. Nxf6+ gxf6 12. Bh6 Rg8 13. c3 dxc3 14. bxc3 Qxd1
15. Rfxd1 Rg4 16. e4 Rc8 17. f3 Rg8 18. Be3 b6 19. Bf1 Ba3 20. Rab1 Ke7 21. Ba6
Rc7 22. Be2 Nb8 23. Bd2 Nd7 24. Be1 Nc5 25. Bb5 f5 26. Bf2 fxe4 27. Nxc5 Bxc5
28. fxe4 Bxf2+ 29. Kxf2 Rxc3 30. Rb2 Rgc8 31. Rdd2 Ra3 32. Bd3 Rc1 33. Bb1 Bh3
34. Rb3 Rxb3 0-1

[Event "Reykjavik Open 2015"]
[Site "Reykjavik, "]
[Date "2015.03.16"]
[Round "8.36"]
[White "Ni, Shiqun"]
[Black "Georgiadis, Nico"]
[Result "1/2-1/2"]
[WhiteElo "2315"]
[BlackElo "2315"]
[PlyCount "84"]
[EventDate "2015.03.10"]

1. e4 e5 2. Nf3 Nc6 3. Nc3 Nf6 4. d4 exd4 5. Nxd4 Bc5 6. Be3 Bb6 7. Qd2 Ng4 8.
Nxc6 bxc6 9. Bxb6 axb6 10. O-O-O O-O 11. h3 Nf6 12. a3 Qe7 13. Qf4 d6 14. Qh4
Re8 15. Bd3 Ba6 16. Bxa6 Rxa6 17. Rhe1 Ra5 18. f4 h6 19. g4 Qe6 20. Qg3 Rc5 21.
Rd4 g5 22. Rf1 Kg7 23. fxg5 hxg5 24. Rf5 Nd7 25. Rd1 Rxf5 26. gxf5 Qh6 27. Rg1
Kf6 28. Kb1 Ne5 29. Nd1 Qh4 30. Qg2 Rg8 31. Nf2 Qf4 32. Nd3 Nxd3 33. cxd3 c5
34. Qe2 Qh4 35. Qe3 g4 36. Rg3 gxh3 37. Rxh3 Rg1+ 38. Qxg1 Qxh3 39. Kc2 Qf3 40.
Qh2 Ke7 41. Qh4+ Kd7 42. Qf6 Qe2+ 1/2-1/2

[Event "Reykjavik Open 2015"]
[Site "Reykjavik, "]
[Date "2015.03.16"]
[Round "8.37"]
[White "Ahlander, Bjorn"]
[Black "Karason, Askell O"]
[Result "0-1"]
[WhiteElo "2380"]
[BlackElo "2274"]
[PlyCount "152"]
[EventDate "2015.03.10"]

1. d4 d6 2. e4 Nf6 3. Nc3 g6 4. f4 Bg7 5. Nf3 c5 6. dxc5 Qa5 7. Qd4 Nc6 8. Bb5
O-O 9. Qa4 Qxa4 10. Bxa4 Nb4 11. a3 Na6 12. cxd6 exd6 13. Be3 Nd7 14. Bd4 Nac5
15. Bxg7 Kxg7 16. O-O-O Nf6 17. Rhe1 Nh5 18. g3 Bg4 19. Re3 Rad8 20. Rd4 a6 21.
b4 Nxa4 22. Nxa4 Rfe8 23. Nd2 f5 24. Rc3 b5 25. Rc7+ Kg8 26. Nc3 Nf6 27. Rc6
fxe4 28. Ndxe4 Nxe4 29. Nxe4 Rxe4 30. Rd2 d5 31. Rxa6 Be2 32. a4 bxa4 33. Rxa4
Bc4 34. Kb2 Rde8 35. Ra1 Re2 36. Rxe2 Rxe2 37. Ra8+ Kg7 38. Ra7+ Kh6 39. g4 Bd3
40. Kc3 Bxc2 41. b5 Be4 42. h3 g5 43. Ra6+ Kg7 44. fxg5 Re3+ 45. Kd4 Rxh3 46.
Rc6 Rb3 47. b6 Bf3 48. Rf6 Bxg4 49. Kxd5 Bf3+ 50. Kd4 Bg2 51. Rf2 Bb7 52. Kc5
Kg6 53. Re2 Rc3+ 54. Kb5 Rg3 55. Re6+ Kf7 56. Re5 Rc3 57. Kb4 Rc1 58. Kb5 Rc2
59. Kb4 Rf2 60. Kc5 Kg6 61. Re6+ Kf7 62. Re5 Rc2+ 63. Kb5 Rf2 64. Kc5 Rf4 65.
Kd6 Re4 66. Rc5 Re6+ 67. Kc7 Be4 68. Rb5 Kg6 69. Kd7 Kf7 70. Kc7 Ke8 71. Rb4
Bg2 72. Rb2 Re7+ 73. Kd6 Bb7 74. Rf2 Rd7+ 75. Ke6 Rg7 76. Re2 Re7+ 0-1

[Event "Reykjavik Open 2015"]
[Site "Reykjavik, "]
[Date "2015.03.16"]
[Round "8.38"]
[White "Brunello, Sabino"]
[Black "Einarsson, Halldor Gretar"]
[Result "1-0"]
[WhiteElo "2540"]
[BlackElo "2166"]
[PlyCount "73"]
[EventDate "2015.03.10"]

1. d4 Nf6 2. c4 g6 3. g3 Bg7 4. Bg2 O-O 5. Nc3 d6 6. Nf3 c6 7. O-O Qa5 8. e4
Nbd7 9. h3 e5 10. Be3 exd4 11. Nxd4 Ne5 12. Nb3 Qa6 13. c5 Nc4 14. Bd4 Rd8 15.
cxd6 Rxd6 16. Qe2 Nd7 17. Bxg7 Kxg7 18. Kh2 Nd2 19. Qxa6 bxa6 20. Nxd2 Rxd2 21.
b3 Rc2 22. Rac1 Rxc1 23. Rxc1 Kf8 24. f4 f6 25. Kg1 Bb7 26. Na4 Ke7 27. Kf2 Rc8
28. Ke3 c5 29. Bf3 h5 30. h4 Rc7 31. g4 hxg4 32. Bxg4 f5 33. exf5 gxf5 34. Bxf5
Nf6 35. Rxc5 Bc6 36. Kd4 Kd6 37. Nb2 1-0

[Event "Reykjavik Open 2015"]
[Site "Reykjavik, "]
[Date "2015.03.16"]
[Round "8.39"]
[White "Thorgeirsson, Jon Kristinn"]
[Black "Tari, Aryan"]
[Result "0-1"]
[WhiteElo "2177"]
[BlackElo "2509"]
[PlyCount "88"]
[EventDate "2015.03.10"]

1. e4 c5 2. Nf3 e6 3. d4 cxd4 4. Nxd4 a6 5. c4 Nf6 6. Bd3 Qc7 7. O-O Nc6 8.
Nxc6 dxc6 9. Qb3 Bc5 10. Nd2 O-O 11. Nf3 e5 12. Qc3 Bg4 13. Nxe5 Rad8 14. Bf4
Bd4 15. Nxg4 Qxf4 16. Nxf6+ Qxf6 17. Qc2 Bxb2 18. Rab1 Be5 19. Rb3 Rd7 20. g3
Rfd8 21. f4 Bd4+ 22. Kg2 g6 23. Rf3 Ba7 24. e5 Qe7 25. Qe2 Re8 26. Qb2 Qc5 27.
a4 Red8 28. Qc3 Qg1+ 29. Kh3 Qh1 30. Rf1 Bg1 31. Qc2 Rxd3 32. Rxd3 Rxd3 33.
Rxg1 Qe4 34. Rc1 h5 35. Qb2 Qxf4 36. Qe2 Re3 37. Rf1 Qxe5 38. Qd1 Qe6+ 39. Kg2
Re2+ 40. Rf2 Qe4+ 41. Kf1 Rxf2+ 42. Kxf2 Qxc4 43. Qd8+ Kg7 44. a5 Qd5 0-1

[Event "Reykjavik Open 2015"]
[Site "Reykjavik, "]
[Date "2015.03.16"]
[Round "8.40"]
[White "Kjartansson, Gudmundur"]
[Black "Rueger, Erhard"]
[Result "1-0"]
[WhiteElo "2491"]
[BlackElo "2133"]
[PlyCount "31"]
[EventDate "2015.03.10"]

1. d4 c5 2. d5 Nf6 3. Nc3 Qa5 4. Bd2 b5 5. e4 b4 6. e5 bxc3 7. Bxc3 Qb6 8. exf6
gxf6 9. Qh5 d6 10. O-O-O Nd7 11. f4 Bb7 12. Nf3 Rg8 13. Qxh7 Rg7 14. Qf5 O-O-O
15. a4 a6 16. Nd2 1-0

[Event "Reykjavik Open 2015"]
[Site "Reykjavik, "]
[Date "2015.03.16"]
[Round "8.41"]
[White "Hardarson, Jon Trausti"]
[Black "Thorfinnsson, Bragi"]
[Result "0-1"]
[WhiteElo "2170"]
[BlackElo "2429"]
[PlyCount "66"]
[EventDate "2015.03.10"]

1. d4 f5 2. c4 Nf6 3. Nf3 e6 4. Nc3 Be7 5. g3 O-O 6. Bg2 d6 7. O-O Qe8 8. b4
Bd8 9. c5 e5 10. dxe5 dxe5 11. e4 a5 12. b5 c6 13. exf5 Bxf5 14. Re1 Nbd7 15.
bxc6 bxc6 16. Nd4 Bg4 17. Qb3+ Kh8 18. Nxc6 Nxc5 19. Qb5 Ncd7 20. Ba3 Bb6 21.
Bxf8 Qxf8 22. Na4 Bc7 23. Qb7 Bd6 24. h3 Bf5 25. Nb6 Nxb6 26. Qxb6 e4 27. Rac1
h5 28. Nd4 Bg6 29. Nb5 Bb4 30. Re2 Rb8 31. Qc6 Be8 32. Qc7 Bxb5 33. Rec2 Re8
0-1

[Event "Reykjavik Open 2015"]
[Site "Reykjavik, "]
[Date "2015.03.16"]
[Round "8.42"]
[White "Halldorsson, Bragi"]
[Black "Shen, Victor C"]
[Result "0-1"]
[WhiteElo "2140"]
[BlackElo "2401"]
[PlyCount "80"]
[EventDate "2015.03.10"]

1. d4 Nf6 2. c4 e6 3. Nc3 Bb4 4. f3 c5 5. d5 O-O 6. e4 d6 7. Bd3 b5 8. Nge2
bxc4 9. Bxc4 exd5 10. Bxd5 Nxd5 11. Qxd5 Qb6 12. O-O Nc6 13. Be3 Rd8 14. Rfd1
Be6 15. Qg5 Bxc3 16. bxc3 Qb2 17. Bd2 Ne5 18. Nf4 f6 19. Qg3 Bf7 20. Nd5 Bxd5
21. exd5 Rab8 22. f4 Nc4 23. Qd3 Nxd2 24. Qxd2 Re8 25. Kf1 Re4 26. g3 Kf7 27.
Rac1 Qa3 28. Rb1 Rbe8 29. Re1 Qa4 30. Kf2 Kg6 31. Kf3 h5 32. Qd3 f5 33. Qd2 Qc4
34. Kf2 h4 35. Rxe4 hxg3+ 36. hxg3 fxe4 37. Re1 Rh8 38. Kg2 Re8 39. Kf2 a5 40.
g4 e3+ 0-1

[Event "Reykjavik Open 2015"]
[Site "Reykjavik, "]
[Date "2015.03.16"]
[Round "8.43"]
[White "Ingvason, Johann"]
[Black "Jensson, Einar Hjalti"]
[Result "1/2-1/2"]
[WhiteElo "2135"]
[BlackElo "2390"]
[PlyCount "162"]
[EventDate "2015.03.10"]

1. e4 c5 2. Nf3 Nc6 3. d4 cxd4 4. Nxd4 g6 5. Be3 Nf6 6. f3 Bg7 7. Qd2 O-O 8. c4
d6 9. Be2 Qa5 10. Nc3 Bd7 11. O-O Rfc8 12. a3 Ne5 13. Nb3 Qd8 14. Nd5 Nxc4 15.
Bxc4 Rxc4 16. Na5 Ra4 17. Nxb7 Qe8 18. Na5 Nxd5 19. exd5 Qb8 20. b4 Bb5 21.
Rfc1 Bxa1 22. Rxa1 Qd8 23. Bd4 Qd7 24. Bb2 Re8 25. Qd4 f6 26. Re1 Rc8 27. h4
Rc7 28. Re6 Qc8 29. h5 Qf8 30. Qe4 Kf7 31. Qf4 Bd7 32. Re2 Bb5 33. Re6 Bd7 34.
Re1 Rc2 35. Qd4 Qd8 36. Kh2 Rxa5 37. bxa5 Rc5 38. Qh4 Qg8 39. Qe4 Qf8 40. a6
Bf5 41. Qe3 Bc8 42. Kg1 Rxd5 43. Qxa7 Ra5 44. Qb6 Rxa6 45. Qb3+ Kg7 46. Qe3 e5
47. Rc1 Qd8 48. hxg6 hxg6 49. Kf2 Be6 50. Qc3 Qb6+ 51. Kg3 Bf7 52. Rc2 g5 53.
Bc1 Ra4 54. Rb2 Qd4 55. Qxd4 Rxd4 56. Rb4 Bc4 57. Bb2 Rd2 58. Bc3 Ra2 59. Rxc4
Rxa3 60. Bb4 Ra6 61. Rc7+ Kg6 62. Rd7 Rb6 63. Bxd6 Kf5 64. Be7 Re6 65. Bd8 Kg6
66. Rd5 Kf5 67. Rd7 Kg6 68. Kf2 e4 69. Bc7 exf3 70. gxf3 Rc6 71. Bb8 Rb6 72.
Ba7 Ra6 73. Bd4 Kf5 74. Kg3 Ke6 75. Rb7 Kf5 76. Rb6 Rxb6 77. Bxb6 Kg6 78. Bc7
f5 79. Bd8 Kh5 80. Kf2 f4 81. Kg2 g4 1/2-1/2

[Event "Reykjavik Open 2015"]
[Site "Reykjavik, "]
[Date "2015.03.16"]
[Round "8.44"]
[White "Gonzalez Pruneda, Arturo"]
[Black "Welling, Gerard"]
[Result "0-1"]
[WhiteElo "2131"]
[BlackElo "2355"]
[PlyCount "78"]
[EventDate "2015.03.10"]

1. e4 e6 2. d4 d5 3. Nd2 dxe4 4. Nxe4 Nd7 5. Bd3 Ngf6 6. Qe2 c5 7. Nxf6+ Nxf6
8. dxc5 Bxc5 9. Nf3 O-O 10. O-O b6 11. Bg5 Bb7 12. Rad1 Qc7 13. Bxf6 gxf6 14.
Be4 Rad8 15. Bxb7 Qxb7 16. Qc4 Kh8 17. Rd3 Rxd3 18. Qxd3 Be7 19. Rd1 Rd8 20.
Qe2 Rxd1+ 21. Qxd1 Qe4 22. h3 Bc5 23. Ne1 Kg7 24. Nd3 Bd6 25. Kf1 Kf8 26. Qd2
Ke7 27. Qc3 Qd5 28. a3 e5 29. Qe1 f5 30. Qe2 e4 31. Nb4 Bxb4 32. axb4 Qa2 33.
f3 Qxb2 34. fxe4 Qc1+ 35. Kf2 Qf4+ 36. Kg1 fxe4 37. Qc4 Qe5 38. Kf2 b5 39. Qc6
Qf6+ 0-1

[Event "Reykjavik Open 2015"]
[Site "Reykjavik, "]
[Date "2015.03.16"]
[Round "8.45"]
[White "Tolhuizen, Ludo"]
[Black "Gulamali, Kazim"]
[Result "1/2-1/2"]
[WhiteElo "2123"]
[BlackElo "2350"]
[PlyCount "102"]
[EventDate "2015.03.10"]

1. d4 f5 2. c4 Nf6 3. Nc3 e6 4. e3 d5 5. Bd3 c6 6. f4 Bd6 7. Nf3 O-O 8. O-O Ne4
9. Bd2 b6 10. cxd5 exd5 11. Ne5 Bb7 12. Be1 Nd7 13. g4 Bxe5 14. dxe5 Ndc5 15.
gxf5 Nxd3 16. Qxd3 Nc5 17. Qc2 Ba6 18. Rf3 Bd3 19. Qg2 Bxf5 20. Rg3 Qe7 21. b4
Nd3 22. a3 Rad8 23. Bd2 Kh8 24. Rf1 a5 25. bxa5 bxa5 26. e4 dxe4 27. Nxe4 Nxe5
28. fxe5 Bxe4 29. Rxf8+ Qxf8 30. Qf2 Qe8 31. Bxa5 Rd1+ 32. Be1 Bd5 33. Re3 h6
34. h3 Ra1 35. e6 Bxe6 36. Kh2 Qb8+ 37. Qg3 Ra2+ 38. Kg1 Qb6 39. Bf2 Qb1+ 40.
Re1 Qb3 41. Qxb3 Bxb3 42. Re7 Kg8 43. Bd4 Bf7 44. Ra7 g5 45. a4 Rd2 46. Be3 Re2
47. Bf2 Ra2 48. a5 Bc4 49. Bd4 Ra4 50. Rg7+ Kf8 51. Rc7 Bb5 1/2-1/2

[Event "Reykjavik Open 2015"]
[Site "Reykjavik, "]
[Date "2015.03.16"]
[Round "8.46"]
[White "Vuilleumier, Alexandre"]
[Black "Gulbrandsen, Tor"]
[Result "1-0"]
[WhiteElo "2349"]
[BlackElo "2095"]
[PlyCount "81"]
[EventDate "2015.03.10"]

1. Nf3 Nf6 2. c4 e6 3. g3 d5 4. Bg2 Be7 5. O-O O-O 6. b3 Nbd7 7. Bb2 c6 8. d3
b6 9. e4 dxe4 10. dxe4 Bb7 11. e5 Ne8 12. Qc2 Qc7 13. Nbd2 g6 14. Ne4 Rd8 15.
Rad1 Ng7 16. Qc1 f5 17. exf6 Nxf6 18. Be5 Rxd1 19. Rxd1 Qc8 20. Bxf6 Bxf6 21.
Nxf6+ Rxf6 22. Ng5 Rf8 23. Ne4 Qc7 24. c5 Ba6 25. Qc3 e5 26. Rd6 Nf5 27. cxb6
axb6 28. Qxc6 Qxc6 29. Rxc6 Rd8 30. h4 Rd1+ 31. Kh2 Ra1 32. a4 Nd4 33. Rxb6 Be2
34. g4 Bd1 35. Rb7 Kf8 36. Nf6 Bxb3 37. Nxh7+ Ke8 38. Nf6+ Kd8 39. h5 gxh5 40.
gxh5 Nf5 41. Rxb3 1-0

[Event "Reykjavik Open 2015"]
[Site "Reykjavik, "]
[Date "2015.03.16"]
[Round "8.47"]
[White "Haug, Johannes"]
[Black "Thorhallsson, Gylfi"]
[Result "0-1"]
[WhiteElo "2339"]
[BlackElo "2084"]
[PlyCount "60"]
[EventDate "2015.03.10"]

1. e4 Nf6 2. e5 Nd5 3. d4 d6 4. Nf3 Bg4 5. Be2 e6 6. O-O Nc6 7. c4 Nb6 8. b3
dxe5 9. dxe5 Qxd1 10. Bxd1 Nd7 11. Bb2 h6 12. Nbd2 Bf5 13. h3 O-O-O 14. Re1 Bb4
15. Re2 Nc5 16. a3 Bxd2 17. Rxd2 Rxd2 18. Nxd2 Nd3 19. Bc3 Ncxe5 20. f4 Nd7 21.
Bc2 Nxf4 22. Bxg7 Rg8 23. Bxf5 Rxg7 24. Bg4 f5 25. Bf3 Nxh3+ 26. Kh2 Ng5 27.
Re1 Nf6 28. c5 Rd7 29. Nc4 Rd3 30. Na5 Rxf3 0-1

[Event "Reykjavik Open 2015"]
[Site "Reykjavik, "]
[Date "2015.03.16"]
[Round "8.48"]
[White "Kenney, Jason"]
[Black "Rosner, Jonas"]
[Result "0-1"]
[WhiteElo "2104"]
[BlackElo "2324"]
[PlyCount "80"]
[EventDate "2015.03.10"]

1. c4 c6 2. g3 d5 3. Nf3 Bg4 4. Bg2 e6 5. cxd5 Bxf3 6. Bxf3 cxd5 7. Nc3 Nc6 8.
d3 Nf6 9. O-O Be7 10. Qa4 O-O 11. Bf4 Qd7 12. Rfc1 Rfc8 13. Bg2 a6 14. a3 h6
15. b4 Nd4 16. Qd1 a5 17. bxa5 Rxa5 18. a4 Bb4 19. Nb5 Nxb5 20. Rxc8+ Qxc8 21.
axb5 Rxb5 22. Qb3 Qc6 23. Rb1 Rb6 24. Rc1 Bf8 25. Rxc6 Rxb3 26. Rc8 Rb1+ 27.
Bf1 b5 28. Bd6 Nh7 29. e3 g5 30. d4 Kg7 31. Bxf8+ Nxf8 32. Rc5 b4 33. Kg2 Rb2
34. Rc7 Nh7 35. Bd3 Nf6 36. h3 h5 37. Rb7 Ne8 38. Rd7 Rd2 39. Bb1 b3 40. e4 Rd1
0-1

[Event "Reykjavik Open 2015"]
[Site "Reykjavik, "]
[Date "2015.03.16"]
[Round "8.49"]
[White "Djurhuus, Eivind X"]
[Black "Gislason, Gudmundur"]
[Result "0-1"]
[WhiteElo "2077"]
[BlackElo "2321"]
[PlyCount "88"]
[EventDate "2015.03.10"]

1. c4 c5 2. Nf3 Nc6 3. Nc3 g6 4. e3 d6 5. d4 Bg7 6. Be2 Nf6 7. O-O O-O 8. d5
Na5 9. h3 a6 10. e4 e6 11. Bg5 h6 12. Bf4 e5 13. Be3 Bd7 14. Nd2 Ne8 15. f4
exf4 16. Bxf4 Qe7 17. a4 Kh7 18. Bg4 Nf6 19. Bf3 Be8 20. Qc2 Nd7 21. Bg4 Ne5
22. Be2 Bd7 23. Rae1 Rae8 24. Bd3 Kh8 25. Kh1 g5 26. Bxe5 Bxe5 27. g4 h5 28.
Qd1 hxg4 29. hxg4 Kg7 30. Kg2 Rh8 31. Rh1 Qf6 32. Qf3 Qf4 33. Qxf4 Bxf4 34. Nf1
Rxh1 35. Kxh1 Rh8+ 36. Kg1 Bxg4 37. Ne2 Be5 38. Rb1 Rh3 39. Nc1 Bf3 40. Ne2 Nb3
41. Kf2 g4 42. Nfg3 Kf6 43. Nf5 Nd2 44. Rd1 Rh2+ 0-1

[Event "Reykjavik Open 2015"]
[Site "Reykjavik, "]
[Date "2015.03.16"]
[Round "8.50"]
[White "Haldorsen, Benjamin"]
[Black "Bucher, Grant W"]
[Result "1/2-1/2"]
[WhiteElo "2307"]
[BlackElo "2087"]
[PlyCount "64"]
[EventDate "2015.03.10"]

1. c4 Nf6 2. g3 g6 3. Bg2 d5 4. Nf3 Bg7 5. O-O O-O 6. cxd5 Nxd5 7. Nc3 Nc6 8.
Nxd5 Qxd5 9. d3 Qb5 10. Rb1 Be6 11. b3 Qa5 12. a3 Rad8 13. b4 Qb6 14. Be3 Nd4
15. a4 Bd5 16. a5 Nxf3+ 17. Bxf3 Qe6 18. Bxd5 Rxd5 19. Rc1 Rh5 20. h4 Be5 21.
Rc4 Bxg3 22. fxg3 Qxe3+ 23. Kg2 Re5 24. Rxc7 Rb5 25. Rf4 Qe5 26. Qc2 Qd5+ 27.
Kh2 Qd6 28. Qc4 Rxb4 29. Qxb4 Qxc7 30. Rc4 Qd7 31. Rd4 Qc7 32. Rc4 Qd7 1/2-1/2

[Event "Reykjavik Open 2015"]
[Site "Reykjavik, "]
[Date "2015.03.16"]
[Round "8.51"]
[White "Hald, Jens Erik Kofoed"]
[Black "Wahlbom, Magnus"]
[Result "0-1"]
[WhiteElo "2069"]
[BlackElo "2278"]
[PlyCount "73"]
[EventDate "2015.03.10"]

1. e4 c5 2. Nf3 d6 3. Bb5+ Nd7 4. O-O a6 5. Bd3 Ngf6 6. c3 e6 7. Bc2 Be7 8. d4
e5 9. Bg5 O-O 10. Nbd2 Qc7 11. Rc1 b5 12. Qe2 Re8 13. Rfe1 Bb7 14. d5 Nb6 15.
Nf1 Nh5 16. g3 g6 17. Ne3 Bc8 18. Bxe7 Qxe7 19. Nh4 Ng7 20. Rcd1 Rf8 21. Nhg2
f5 22. f4 fxe4 23. fxe5 Qxe5 24. Ng4 Qh5 25. N2e3 Bf5 26. b3 Rae8 27. Rd2 Kh8
28. Bd1 Qg5 29. a4 Bd7 30. axb5 axb5 31. Ra2 Nxd5 32. Nxd5 Qxd5 33. Ne3 Qe5 34.
Ra7 Bh3 35. Qd2 Nf5 36. Nxf5 Qxf5 37. Be2 0-1

[Event "Reykjavik Open 2015"]
[Site "Reykjavik, "]
[Date "2015.03.16"]
[Round "8.52"]
[White "Eijk, Yuri"]
[Black "Wege, Jochen"]
[Result "0-1"]
[WhiteElo "2062"]
[BlackElo "2277"]
[PlyCount "78"]
[EventDate "2015.03.10"]

1. d4 Nf6 2. c4 c5 3. d5 e6 4. Nc3 exd5 5. cxd5 d6 6. Nf3 g6 7. Bf4 a6 8. a4
Bg7 9. e3 O-O 10. h3 Re8 11. Nd2 Nbd7 12. Nc4 Ne4 13. Nxe4 Rxe4 14. Bd3 Rxc4
15. Bxc4 Bxb2 16. O-O Bxa1 17. Qxa1 f6 18. Qc3 Ne5 19. Bg3 Bd7 20. f4 Nxc4 21.
Qxc4 b5 22. Qc2 f5 23. Be1 Qe7 24. Bc3 h6 25. Ba1 Kh7 26. Re1 bxa4 27. e4 Rb8
28. Qc3 Qf8 29. e5 Rb3 30. Qa5 Qb8 31. e6 Be8 32. Kh2 Qb6 33. Qd2 Qb4 34. Qf2
Rb1 35. Rxb1 Qxb1 36. Qh4 g5 37. fxg5 Qxa1 38. Qxh6+ Kg8 39. e7 Qe5+ 0-1

[Event "Reykjavik Open 2015"]
[Site "Reykjavik, "]
[Date "2015.03.16"]
[Round "8.53"]
[White "Kristinsson, Jon"]
[Black "Miller, David"]
[Result "0-1"]
[WhiteElo "2251"]
[BlackElo "2066"]
[PlyCount "62"]
[EventDate "2015.03.10"]

1. d4 Nf6 2. c4 d6 3. Nc3 e5 4. g3 Nbd7 5. Bg2 g6 6. Nf3 Bg7 7. O-O O-O 8. e4
a6 9. d5 b5 10. Nd2 b4 11. Na4 Nb6 12. a3 bxa3 13. Rxa3 Bd7 14. Nc3 Qc8 15. b4
c5 16. dxc6 Qxc6 17. Nd5 Nbxd5 18. exd5 Qb6 19. Qb3 Rfb8 20. Qa2 Qxb4 21. Rxa6
Rxa6 22. Qxa6 Bc8 23. Qa2 Bf5 24. Ba3 Qb6 25. Rc1 Bf8 26. h3 h5 27. Bf1 Ra8 28.
Rc3 Bh6 29. Rb3 Qa5 30. Nb1 Qe1 31. Nc3 Bc1 0-1